Управление аэрационными сооружениями на основе окрестностных моделей с учетом энергозатрат; Промышленные АСУ и контроллеры; № 12

التفاصيل البيبلوغرافية
Parent link:Промышленные АСУ и контроллеры: ежемесячный научно-технический производственный журнал.— , 2002-
№ 12.— 2005.— С. 41-43
المؤلف الرئيسي: Карабутов Н. Н.
مؤلفون آخرون: Шмырин А. М., Шмырин О. А.
اللغة:الروسية
منشور في: 2005
سلاسل:Математическое обеспечение АСУ
الموضوعات:
التنسيق: فصل الكتاب
KOHA link:https://koha.lib.tpu.ru/cgi-bin/koha/opac-detail.pl?biblionumber=399747

MARC

LEADER 00000naa2a2200000 4500
001 399747
005 20231101065258.0
035 |a (RuTPU)RU\TPU\prd\41358 
090 |a 399747 
100 |a 20060207a2005 k y0rusy50 ca 
101 0 |a rus 
102 |a RU 
200 1 |a Управление аэрационными сооружениями на основе окрестностных моделей с учетом энергозатрат  |f Н. Н. Карабутов, А. М. Шмырин, О. А. Шмырин 
225 1 |a Математическое обеспечение АСУ 
320 |a Библиогр.: 2 назв. 
461 0 |0 (RuTPU)RU\TPU\prd\2287  |t Промышленные АСУ и контроллеры  |o ежемесячный научно-технический производственный журнал  |d 2002- 
463 0 |0 (RuTPU)RU\TPU\prd\41040  |t № 12  |v С. 41-43  |d 2005 
610 1 |a математические модели 
610 1 |a аэротенки 
610 1 |a управление 
610 1 |a окрестностные модели 
610 1 |a энергозатраты 
610 1 |a пространственно распределенные системы 
700 1 |a Карабутов  |b Н. Н. 
701 1 |a Шмырин  |b А. М. 
701 1 |a Шмырин  |b О. А. 
801 1 |a RU  |b 63413507  |c 20060207  |g PSBO 
942 |c BK